Willingness to pay for retail water supply by urban households in Karachi: an application of contingent valuation method (Record no. 24589)

000 -LEADER
fixed length control field 00443pab a2200133 454500
008 - FIXED-LENGTH DATA ELEMENTS--GENERAL INFORMATION
fixed length control field 180718b xxu||||| |||| 00| 0 eng d
100 ## - MAIN ENTRY--PERSONAL NAME
Personal name Butt, Mohammad Sabihuddin
245 ## - TITLE STATEMENT
Title Willingness to pay for retail water supply by urban households in Karachi: an application of contingent valuation method
650 ## - SUBJECT ADDED ENTRY--TOPICAL TERM
Topical term or geographic name entry element Water Supply - Pakistan
700 ## - ADDED ENTRY--PERSONAL NAME
Personal name Akbar, Mohammad
700 ## - ADDED ENTRY--PERSONAL NAME
Personal name Ahmed, Shafi
773 ## - HOST ITEM ENTRY
Main entry heading Asian Economic Review
909 ## -
-- 24589
Holdings
Withdrawn status Lost status Damaged status Not for loan Permanent Location Current Location Date acquired Serial Enumeration / chronology Barcode Date last seen Price effective from Koha item type
        Indian Institute of Public Administration Indian Institute of Public Administration 2018-07-19 Issue no: 34(3) Dec.92, p.97-139 AR24658 2018-07-19 2018-07-19 Articles

Powered by Koha